[Event "Aktobe Dvorkovich op-A"]
[Site "Aktobe"]
[Date "2025.06.24"]
[Round "3"]
[White "Isanzhulov, Arystan"]
[Black "Mamedov, Edgar"]
[Result "1-0"]
[WhiteElo "2388"]
[BlackElo "2509"]
[PlyCount "151"]
[EventDate "2025.06.22"]
[EventType "swiss"]
[EventRounds "9"]
[EventCountry "KAZ"]
[SourceTitle "CB27_2025"]
[SourceDate "2025.07.02"]
[SourceVersion "1"]
[SourceVersionDate "2025.07.02"]
[SourceQuality "1"]

1. e4 c5 2. Nc3 Nc6 3. Nge2 g6 4. g3 Bg7 5. Bg2 d6 6. d3 e6 7. Be3 Nd4 8. Qd2 Ne7 9. 0-0 0-0 10. Rab1 Nec6 11. a3 a5 12. f4 Rb8 13. Bf2 e5 14. fxe5 dxe5 15. Nd5 Bg4 16. Nec3 Be6 17. Be3 f5 18. Na4 Qd6 19. Nab6 Ne7 20. Qxa5 f4 21. Nc4 Qd7 22. Bxd4 Nc6 23. Qxc5 Nxd4 24. Ne7+ Kh8 25. Nxe5 Qd8 26. gxf4 b6 27. Qb4 Nxc2 28. Qd2 Qxe7 29. Qxc2 Rbc8 30. Qd2 g5 31. d4 Qd6 32. Rbc1 Rxc1 33. Rxc1 gxf4 34. Nf3 Bg4 35. e5 Qg6 36. Kh1 Qe4 37. Qc2 Qd5 38. Ng5 Qg8 39. Bf3 Bxe5 40. Rg1 Bxf3+ 41. Nxf3 Qd5 42. dxe5 Qxf3+ 43. Qg2 Qxg2+ 44. Kxg2 Rf5 45. Re1 f3+ 46. Kf2 Kg7 47. Re4 b5 48. h3 Rh5 49. Kxf3 Rxh3+ 50. Kg4 Rb3 51. Re2 Kf7 52. Kf5 h5 53. Rh2 Rf3+ 54. Ke4 Rb3 55. Kd5 Ke7 56. Rxh5 Rxb2 57. Rh7+ Kf8 58. Rh8+ Ke7 59. Rh7+ Kf8 60. Kd6 Rd2+ 61. Ke6 Ra2 62. Rh8+ Kg7 63. Rh3 Kf8 64. Rb3 Ra1 65. Rc3 Ra2 66. Rb3 Ra1 67. Rd3 Ra2 68. Kd7 Rh2 69. Rf3+ Kg7 70. e6 Rd2+ 71. Ke7 Rg2 72. Rd3 Rg4 73. Kd8 Ra4 74. e7 Ra8+ 75. Kd7 Ra7+ 76. Ke6 1-0

[Event "WchT Blitz Pool D"]
[Site "London"]
[Date "2025.06.14"]
[Round "6.3"]
[White "Mamedov, Edgar"]
[Black "Degenbaev, Aziz"]
[Result "1-0"]
[WhiteElo "2509"]
[BlackElo "2286"]
[PlyCount "101"]
[EventDate "2025.06.14"]
[EventType "team-tourn"]
[EventRounds "13"]
[EventCountry "ENG"]
[SourceTitle "CB25_2025"]
[SourceDate "2025.06.18"]
[SourceVersion "1"]
[SourceVersionDate "2025.06.18"]
[SourceQuality "1"]
[WhiteTeam "Barys.kz"]
[BlackTeam "Kyrgyzstan Noval Group"]
[WhiteTeamCountry "KAZ"]
[BlackTeamCountry "KGZ"]

1. d4 Nf6 2. c4 g6 3. Nc3 Bg7 4. e4 d6 5. Nf3 0-0 6. Be2 e5 7. 0-0 Nc6 8. d5 Ne7 9. b4 a5 10. bxa5 Rxa5 11. a4 b6 12. Nd2 Ne8 13. Nb3 Ra8 14. a5 bxa5 15. Nxa5 Rb8 16. Ba3 f5 17. c5 dxc5 18. Bxc5 Nd6 19. Nc4 Kh8 20. Ba3 Bb7 21. Nxd6 cxd6 22. Nb5 Nc8 23. exf5 gxf5 24. Rc1 Ba6 25. Nc7 Bxe2 26. Qxe2 Qg5 27. Ne6 Qf6 28. Nxf8 Bxf8 29. Rc6 Na7 30. Rcc1 Nb5 31. Bb2 Kg8 32. f4 Nd4 33. Bxd4 exd4 34. Qe6+ Qxe6 35. dxe6 Kg7 36. Rfd1 Kf6 37. Rxd4 Kxe6 38. Re1+ Kf6 39. Rd2 h5 40. g3 Rb7 41. Kg2 Be7 42. Rde2 Rd7 43. Re6+ Kf7 44. Rh6 d5 45. Rxh5 Kg6 46. Rh8 Bf6 47. Ra8 d4 48. Rd1 Rc7 49. Rd2 Rc3 50. Ra6 Rb3 51. Rxd4 1-0

[Event "WchT Blitz Pool D"]
[Site "London"]
[Date "2025.06.14"]
[Round "10.3"]
[White "Shearsby, Jude"]
[Black "Mamedov, Edgar"]
[Result "1/2-1/2"]
[WhiteElo "2160"]
[BlackElo "2509"]
[PlyCount "72"]
[EventDate "2025.06.14"]
[EventType "team-tourn"]
[EventRounds "13"]
[EventCountry "ENG"]
[SourceTitle "CB25_2025"]
[SourceDate "2025.06.18"]
[SourceVersion "1"]
[SourceVersionDate "2025.06.18"]
[SourceQuality "1"]
[WhiteTeam "English Knightmares"]
[BlackTeam "Barys.kz"]
[WhiteTeamCountry "ENG"]
[BlackTeamCountry "KAZ"]

1. e4 c5 2. Nf3 Nc6 3. Bb5 e6 4. b3 Nge7 5. Bb2 a6 6. Bxc6 Nxc6 7. 0-0 d6 8. d4 cxd4 9. Nxd4 Nxd4 10. Qxd4 e5 11. Qe3 Be7 12. Rd1 Qc7 13. c4 Bg4 14. f3 Be6 15. Nc3 Qc6 16. Kh1 0-0 17. Rac1 h6 18. Qd3 Rad8 19. a4 f5 20. exf5 Rxf5 21. Nd5 Bg5 22. Rc2 Rf7 23. Re2 Bf5 24. Qc3 b5 25. axb5 axb5 26. Nb4 Qb6 27. Nd5 Qb7 28. Bc1 bxc4 29. Bxg5 hxg5 30. bxc4 Qc6 31. Qe3 Qxc4 32. Qxg5 Re8 33. Red2 Be6 34. Ne3 Qf4 35. Qxf4 exf4 36. Nc2 d5 1/2-1/2

[Event "San Vicente op 9th"]
[Site "San Vicente"]
[Date "2025.04.20"]
[Round "8"]
[White "Iturrizaga Bonelli, Eduardo"]
[Black "Mamedov, Edgar"]
[Result "0-1"]
[WhiteElo "2585"]
[BlackElo "2453"]
[PlyCount "110"]
[EventDate "2025.04.16"]
[EventType "swiss"]
[EventRounds "9"]
[EventCountry "ESP"]
[SourceTitle "CB17_2025"]
[SourceDate "2025.04.23"]
[SourceVersion "1"]
[SourceVersionDate "2025.04.23"]
[SourceQuality "1"]

1. c4 e6 2. Nc3 d5 3. d4 Nf6 4. cxd5 exd5 5. Bg5 c6 6. e3 Bd6 7. Bd3 0-0 8. Nf3 Re8 9. 0-0 Bg4 10. Qc2 h6 11. Bh4 Nbd7 12. Nd2 Bh5 13. Rae1 Qb8 14. f4 Ng4 15. Bf2 Nf8 16. Nf3 Bg6 17. Bxg6 Nxg6 18. Ne5 Nxf2 19. Qxf2 Qc8 20. e4 dxe4 21. Nxe4 Bc7 22. Nc5 Bb6 23. b4 Qd8 24. Nxg6 Rxe1 25. Rxe1 fxg6 26. h3 a5 27. a3 axb4 28. axb4 Qd5 29. Re5 Qc4 30. Re7 Bxc5 31. bxc5 Rd8 32. Rxb7 Rxd4 33. f5 Qxc5 34. Rb8+ Kh7 35. fxg6+ Kxg6 36. Rb1 Rd5 37. Qxc5 Rxc5 38. Rb7 Re5 39. Rc7 Re6 40. Kf2 Kf6 41. Kf3 g5 42. h4 gxh4 43. Kf4 Kg6 44. Rc8 Kf7 45. Rc7+ Kf6 46. Rh7 Kg6 47. Rc7 Kh5 48. Rc8 Rg6 49. Rc7 Rxg2 50. Rxc6 h3 51. Kf3 Rg4 52. Rc2 Kh4 53. Rc6 h5 54. Rc2 Rg3+ 55. Kf4 Rg2 0-1

[Event "Titled Tuesday intern op 01st Apr Early"]
[Site "Chess.com INT"]
[Date "2025.04.01"]
[Round "1"]
[White "Mamedov, Edgar"]
[Black "Khodzhamkuliev, Bahadur"]
[Result "1-0"]
[WhiteElo "2456"]
[BlackElo "2115"]
[PlyCount "69"]
[EventDate "2025.04.01"]
[EventType "swiss (blitz)"]
[EventRounds "11"]
[EventCountry "USA"]
[SourceTitle "CB15_2025"]
[SourceDate "2025.04.09"]
[SourceVersion "1"]
[SourceVersionDate "2025.04.09"]
[SourceQuality "1"]

1. e4 d6 2. d4 Nf6 3. Nc3 Nc6 4. Nf3 g6 5. Bb5 a6 6. Bxc6+ bxc6 7. 0-0 Bg7 8. h3 0-0 9. Re1 Nd7 10. Bg5 h6 11. Be3 Kh7 12. Qd2 c5 13. Rad1 Bb7 14. Qe2 cxd4 15. Nxd4 c5 16. Nb3 Qc7 17. f4 a5 18. Nd2 Ba6 19. Qf3 Qb7 20. Rb1 Rab8 21. Bf2 Qa8 22. Nd5 Bb7 23. Nxe7 Rfe8 24. Nd5 Bxd5 25. exd5 Rxb2 26. Rxb2 Bxb2 27. Rxe8 Qxe8 28. Nc4 Bd4 29. Bxd4 cxd4 30. Nxd6 Qe1+ 31. Kh2 Nf6 32. Nxf7 h5 33. d6 h4 34. Ne5 Nh5 35. Qb7+ 1-0

[Event "Titled Tuesday intern op 01st Apr Early"]
[Site "Chess.com INT"]
[Date "2025.04.01"]
[Round "5"]
[White "Mamedov, Edgar"]
[Black "Pauly, Carlo"]
[Result "0-1"]
[WhiteElo "2456"]
[BlackElo "2275"]
[PlyCount "74"]
[EventDate "2025.04.01"]
[EventType "swiss (blitz)"]
[EventRounds "11"]
[EventCountry "USA"]
[SourceTitle "CB15_2025"]
[SourceDate "2025.04.09"]
[SourceVersion "1"]
[SourceVersionDate "2025.04.09"]
[SourceQuality "1"]

1. e4 c5 2. Nf3 d6 3. d4 cxd4 4. Nxd4 Nf6 5. Nc3 a6 6. Bg5 Nbd7 7. f4 Qa5 8. Qf3 h6 9. Bxf6 Nxf6 10. 0-0-0 Bg4 11. Qd3 Bxd1 12. Qxd1 e6 13. g4 Rc8 14. Nb3 Qb6 15. Qf3 Be7 16. h4 Nd7 17. Bh3 g5 18. Rf1 gxf4 19. Qxf4 Ne5 20. Qg3 Rg8 21. g5 hxg5 22. Nd5 Qc6 23. Rf2 exd5 24. exd5 Qc7 25. Bxc8 Qxc8 26. Rf1 Qg4 27. Qc3 gxh4 28. Nd4 Qg2 29. Re1 Kd7 30. Qb4 Qxd5 31. Rd1 Bg5+ 32. Kb1 h3 33. Qa4+ Kc8 34. c4 Qe4+ 35. Ka1 h2 36. Nb5 Nxc4 37. Qa5 Bd8 0-1

[Event "Titled Tuesday intern op 11th Feb Early"]
[Site "Chess.com INT"]
[Date "2025.02.11"]
[Round "5"]
[White "Galchenko, Matvey"]
[Black "Mamedov, Edgar"]
[Result "0-1"]
[WhiteElo "2438"]
[BlackElo "2456"]
[PlyCount "110"]
[EventDate "2025.02.11"]
[EventType "swiss (blitz)"]
[EventRounds "11"]
[EventCountry "USA"]
[SourceTitle "CB09_2025"]
[SourceDate "2025.02.27"]
[SourceVersion "1"]
[SourceVersionDate "2025.02.27"]
[SourceQuality "1"]

1. e4 c5 2. c3 Nf6 3. e5 Nd5 4. Nf3 Nc6 5. Bc4 Nb6 6. Bb3 d6 7. exd6 Qxd6 8. 0-0 Be6 9. Bxe6 Qxe6 10. a4 Qd7 11. a5 Nd5 12. a6 b6 13. d4 cxd4 14. Nxd4 e6 15. Nb5 Be7 16. Qa4 0-0 17. Rd1 Qc8 18. Nd2 Rd8 19. Nf3 Na5 20. Bg5 f6 21. Bh4 Nc4 22. Qc2 Qd7 23. Nbd4 Rac8 24. Bg3 e5 25. Nf5 Bf8 26. h4 Qf7 27. Qe2 g6 28. Ne3 Ndxe3 29. fxe3 Qe6 30. Kh2 Nd6 31. e4 Qg4 32. Ra4 Nf7 33. Rxd8 Rxd8 34. Rc4 Nd6 35. Rc7 Nxe4 36. Qc4+ Kh8 37. Be1 Qf4+ 38. Kg1 Bc5+ 39. Rxc5 bxc5 40. Qf7 Qg4 41. Qxa7 Qc8 42. Qe7 Qd7 43. Qxd7 Rxd7 44. b4 cxb4 45. cxb4 Nd6 46. Bf2 Nb5 47. Bc5 Rd1+ 48. Kf2 Ra1 49. Nd2 Rxa6 50. Ne4 Kg7 51. g4 Kf7 52. Ke3 Ke6 53. Kd3 Kd5 54. Nd2 e4+ 55. Nxe4 Ra3+ 0-1

[Event "Titled Tuesday intern op 28th Jan Early"]
[Site "Chess.com INT"]
[Date "2025.01.28"]
[Round "2"]
[White "Khademi, Mohammad Miran"]
[Black "Mamedov, Edgar"]
[Result "1-0"]
[WhiteElo "2116"]
[BlackElo "2457"]
[PlyCount "81"]
[EventDate "2025.01.28"]
[EventType "swiss (blitz)"]
[EventRounds "11"]
[EventCountry "USA"]
[SourceTitle "CB06_2025"]
[SourceDate "2025.02.05"]
[SourceVersion "1"]
[SourceVersionDate "2025.02.05"]
[SourceQuality "1"]

1. g3 d5 2. Bg2 c6 3. b3 e5 4. Bb2 Bd6 5. c4 Nf6 6. cxd5 cxd5 7. Nc3 Be6 8. Nf3 Nc6 9. Ng5 Bd7 10. 0-0 0-0 11. Rc1 h6 12. Nf3 a6 13. d4 e4 14. Ne1 Re8 15. Na4 h5 16. Nc5 Bc8 17. f3 h4 18. fxe4 dxe4 19. d5 hxg3 20. Bxf6 Bxc5+ 21. Rxc5 gxf6 22. Rc3 gxh2+ 23. Kh1 Ne5 24. Qd2 Ng4 25. Rg3 f5 26. Qh6 Qxd5 27. Qg5+ Kf8 28. Rxg4 Be6 29. Rh4 Qe5 30. Rh7 Rad8 31. Qh4 Kg8 32. Rh5 Kg7 33. Rh7+ Kg8 34. Bh3 Rd1 35. Rh5 Red8 36. Qg5+ Kf8 37. Qh4 Kg8 38. Bg2 R8d7 39. Qf2 Kf8 40. Qh4 Ke8 41. Rh8+ 1-0